Sobre la privacin̤ de la libertad por motivos de discapacidad La cuestin̤ de los internamientos involuntarios /

Detalles Bibliográficos
Autor principal: Cuenca Gm̤ez, Patricia
Formato: eBook
Lenguaje:español
Publicado: Madrid: Dykinson, 2018
Materias:
Acceso en línea:Acceso restringido

MARC

LEADER 00000nam a22000007a 4500
005 20210908013145.0
007 cr|||| ||||
008 210908s2018 es |||||s|||| 00||0 spa d
020 |a 978-84-1377-577-7 
035 |a 35125 
040 |a vLex 
090 |c 12324  |d 12324 
100 1 |a Cuenca Gm̤ez, Patricia 
245 1 0 |a Sobre la privacin̤ de la libertad por motivos de discapacidad  |h [Recurso electrn̤ico] :  |b La cuestin̤ de los internamientos involuntarios /  |c Patricia Cuenca Gm̤ez 
256 |a Servicio en ln̕ea 
260 |a Madrid:  |b Dykinson,  |c 2018 
300 |a 1 recurso electrn̤ico 
506 1 |a Disponible solo en los productos indicados  |d vLex Global  |d vLex Global (Academic Edition, excluding Law Schools)  |d vLex Global (U.S. Academic Edition, Law Schools)  |d vLex Global (U.S. Academic Edition, excluding Law Schools)  |d vLex Global (Academic Edition, Law Schools) 
650 0 4 |a Ciencias sociales  |z Espaą 
740 0 |a vLex Libros (Servicio en ln̕ea) 
856 4 0 |u https://app.vlex.com/#/sources/35125  |z Acceso restringido 
942 |c BOOK 
999 0 |a Social Sciences